LEADER 01054nam a2200265 i 4500 001 991002253559707536 005 20020508193055.0 008 960614s1986 it ||| | ita 035 $ab10981743-39ule_inst 035 $aPARLA158191$9ExL 040 $aDip.to scienze storiche$bita 082 04$a945.015 245 13$aLe chartae dei ducati di Spoleto e di Benevento /$ca cura di Herbert Zielinski 260 $aRoma :$bnella sede dell'Istituto,$c1986 300 $aVII, 445 p. ;$c26 cm. 490 0 $aCodice diplomatico longobardo ;$v5 490 0 $aFonti per la storia d'Italia / pubblicate dall'Istituto storico italiano ;$v66 650 4$aLongobardi$xStoria$xFonti 700 1 $aZielinski, Herbert 907 $a.b10981743$b23-02-17$c28-06-02 912 $a991002253559707536 945 $aLE009 MSM VIII Coll.24/66$g1$i2009000144859$lle009$o-$pE0.00$q-$rn$so $t0$u1$v0$w1$x0$y.i11094539$z28-06-02 996 $aChartae dei ducati di Spoleto e di Benevento$9864999 997 $aUNISALENTO 998 $ale009$b01-01-96$cm$da $e-$fita$git $h3$i1 LEADER 01706nam 2200493Ia 450 001 9910701574203321 005 20120326121913.0 035 $a(CKB)5470000002419344 035 $a(OCoLC)781636326 035 $a(EXLCZ)995470000002419344 100 $a20120326d2011 ua 0 101 0 $aeng 135 $aurmn||||||||| 181 $ctxt$2rdacontent 182 $cc$2rdamedia 183 $acr$2rdacarrier 200 10$aTwo-phase cryogenic heat exchanger for the thermodynamic vent system$b[electronic resource] /$fRobert J. Christie 210 1$aCleveland, Ohio :$cNational Aeronautics and Space Administration, Glenn Research Center,$d[2011] 215 $a1 online resource (13 pages) $cillustrations (some color) 225 1 $aNASA/TM ;$v2011-217220 300 $aTitle from title screen (viewed on Mar. 26, 2012). 300 $a"October 2011." 320 $aIncludes bibliographical references (page 13). 517 3 $aTwo phase cryogenic heat exchanger for the thermodynamic vent system 606 $aCryogenics$2nasat 606 $aHeat exchangers$2nasat 606 $aThermodynamics$2nasat 606 $aSystems engineering$2nasat 606 $aExtraction$2nasat 606 $aFlow velocity$2nasat 615 7$aCryogenics. 615 7$aHeat exchangers. 615 7$aThermodynamics. 615 7$aSystems engineering. 615 7$aExtraction. 615 7$aFlow velocity. 700 $aChristie$b Robert J$01392390 712 02$aNASA Glenn Research Center. 801 0$bGPO 801 1$bGPO 906 $aBOOK 912 $a9910701574203321 996 $aTwo-phase cryogenic heat exchanger for the thermodynamic vent system$93505841 997 $aUNINA